Anil's ghost /

Bibliographic Details
Main Author: Ondaatje, Michael, 1943-
Format: Book
Language:English
Published: New York : Alfred A. Knopf, 2000.
Edition:1st ed.
Subjects:

MARC

Tag First Indicator Second Indicator Subfields
LEADER 00000pam a2200000 a 4500
001 in00001550013
005 20151022063936.0
008 991206s2000 nyu b 000 1 eng
010 |a  99059208  
020 |a 0375410538 (alk. paper) 
035 |a (OCoLC)ocm42980143 
040 |a DLC  |c DLC  |d TXA  |d UtOrBLW 
043 |a a-ce--- 
049 |a TXAM 
050 0 0 |a PR9199.3.O5  |b A84 2000 
082 0 0 |a 813/.54  |2 21 
100 1 |a Ondaatje, Michael,  |d 1943- 
245 1 0 |a Anil's ghost /  |c Michael Ondaatje. 
250 |a 1st ed. 
264 1 |a New York :  |b Alfred A. Knopf,  |c 2000. 
300 |a 311 pages ;  |c 22 cm. 
336 |a text  |b txt  |2 rdacontent 
337 |a unmediated  |b n  |2 rdamedia 
338 |a volume  |b nc  |2 rdacarrier 
504 |a Includes bibliographical references (pages [310]-311). 
650 0 |a Women forensic anthropologists  |v Fiction. 
650 0 |a Dead  |x Identification  |v Fiction. 
650 0 |a Human rights workers  |v Fiction. 
651 0 |a Sri Lanka  |v Fiction. 
655 7 |a Mystery fiction.  |2 gsafd 
655 0 |a Psychological fiction. 
994 |a E0  |b TXA 
948 |a cataloged  |b h  |c 2000/8/9  |d c  |e lmiller  |f 10:41:38 am 
999 |a MARS 
999 f f |s ccb18029-b9e8-3ecd-8eee-d5a8078e9fe9  |i 16f70f13-5943-3be2-8e08-f7d5fd410fd4  |t 0 
952 f f |p normal  |a Texas A&M University  |b College Station  |c Sterling C. Evans Library  |d Evans: Library Stacks  |t 0  |e PR9199.3.O5 A84 2000  |h Library of Congress classification  |i unmediated -- volume  |m A14828800861 
998 f f |a PR9199.3.O5 A84 2000  |t 0  |l Evans: Library Stacks